Járműtechnikai alapismeretek
Elmentve itt :
| Szerzők: | |
|---|---|
| Dokumentumtípus: | Könyv |
| Megjelent: |
Szegedi Tudományegyetem
Szeged
2019-05-31
|
| Kulcsszavak: | járműtechnika erőátviteli rendszerek belsőégésű motorok |
| Tárgyszavak: | |
| Online Access: | http://eta.bibl.u-szeged.hu/2108 |
| LEADER | 00949nnm a2200277 i 4500 | ||
|---|---|---|---|
| 001 | eta2108 | ||
| 005 | 20210802132050.0 | ||
| 008 | 190624s2019 hu o 0|| hun d | ||
| 020 | |a 978-963-306-666-9 | ||
| 040 | |a SZTE Elektronikus Tananyag Archívum |b hun | ||
| 041 | |a hun | ||
| 100 | 1 | |a Molnár Tamás Géza | |
| 245 | 1 | 0 | |a Járműtechnikai alapismeretek |h [elektronikus dokumentum] / |c Molnár Tamás Géza |
| 260 | |a Szegedi Tudományegyetem |b Szeged |c 2019-05-31 | ||
| 300 | |a 90 | ||
| 516 | |a Book | ||
| 650 | 4 | |a Műszaki és technológiai tudományok | |
| 650 | 4 | |a Gépészmérnöki tudományok | |
| 650 | 4 | |a Gépészmérnöki tudományok | |
| 695 | |a járműtechnika | ||
| 695 | |a erőátviteli | ||
| 695 | |a rendszerek | ||
| 695 | |a belsőégésű | ||
| 695 | |a motorok | ||
| 700 | 0 | 2 | |a Pappné Sziládi Katalin |e aut |
| 856 | 4 | 0 | |u https://eta.bibl.u-szeged.hu/2108/2/Molnar_T_G-Pappne_Sziladi_K_Jarmutechnikai_alapismeretek.pdf |z Dokumentum-elérés |